Hóa học đại cương Dùng cho học sinh không chuyên về hóa của các trường Đại học kĩ thuật

Cấu tạo nguyên tử. Định luật tuần hoàn và bảng hệ thống tuần hoàn Menđêlêep. Liên kết hóa học và cấu tạo phân tử. cấu tạo chất rắn...

שמור ב:
מידע ביבליוגרפי
מחבר ראשי: Bùi Ngọc Dũng (Tác giả)
מחברים אחרים: Nguyễn Hạnh (Tác giả)
פורמט: ספר
שפה:Vietnamese
יצא לאור: H. Đại học và trung học chuyên nghiệp 1970
נושאים:
תגים: הוספת תג
אין תגיות, היה/י הראשונ/ה לתייג את הרשומה!
Thư viện lưu trữ: Mạng thư viện Đại học Đà Nẵng
LEADER 01734nam a2200409 4500
001 000008681
003 4873
005 20120329090324.0
008 111019s1970 viesd
004 000008681
020 |c 1.15 
041 0 |a vie 
082 |a 541  |b BU-D 
100 0 |a Bùi Ngọc Dũng  |e Tác giả 
245 0 |a Hóa học đại cương  |b Dùng cho học sinh không chuyên về hóa của các trường Đại học kĩ thuật  |c Bùi Ngọc Dũng, Nguyễn Hạnh 
260 |a H.  |b Đại học và trung học chuyên nghiệp  |c 1970 
300 |a 239tr  |c 24cm 
504 |a Mục lục tr235 
520 |a Cấu tạo nguyên tử. Định luật tuần hoàn và bảng hệ thống tuần hoàn Menđêlêep. Liên kết hóa học và cấu tạo phân tử. cấu tạo chất rắn... 
653 |a Giáo trình 
653 |a Hóa học 
653 |a Đại cương 
700 |a Nguyễn Hạnh  |e Tác giả 
910 |a Thương  |d 19/10/2011 
OWN |a LSP 
AVA |a UDN50  |b LSP  |d 541 BU-D  |e available  |t Error 5001 Not defined in file expand_doc_bib_avail.  |f 4  |g 3  |h N  |i 0  |k 1 
AVA |a UDN50  |b LSK  |c Engineering Science  |d 541 BU-D  |e check_holdings  |t Error 5003 Not defined in file expand_doc_bib_avail.  |j KT  |k 1 
999 |a From the UDN01 
852 1 |b LSK  |c KT  |h 541  |i BU-D 
AVA |a UDN50  |b LSP  |d 541 BU-D  |e available  |t Error 5001 Not defined in file expand_doc_bib_avail.  |f 4  |g 3  |h N  |i 0  |k 1 
AVA |a UDN50  |b LSK  |c Engineering Science  |d 541 BU-D  |e check_holdings  |t Error 5003 Not defined in file expand_doc_bib_avail.  |j KT  |k 1 
TYP |a Monograph 
TYP |a Printed language 
980 |a Mạng thư viện Đại học Đà Nẵng